[Event "HCL-B3802"]
[Site "www.playchess.de"]
[Date "2006.01.06"]
[Round "9"]
[White "mrchess"]
[Black "maus"]
[WhiteElo "1427"]
[BlackElo "1310"]
[PlyCount "86"]
[Result "0-1"]

1.d4 {good luck}  e6 {I wish you success too}  
2.e3 Nf6 3.Bd3 c5 4.c3 d5 5.Nd2 Nc6 6.f4 cxd4 
7.exd4 Bd6 8.Ndf3 O-O 9.Ne5 Bxe5 10.fxe5 Ne4 
11.Nf3 f5 12.O-O a6 13.Bf4 Bd7 14.Qb3 b5 15.Qc2 b4 
16.Rac1 a5 17.c4 dxc4 18.Bxc4 Qb6 19.b3 Nxd4 
20.Nxd4 Qxd4+ 21.Kh1 Nc3 22.Qf2 Qe4 23.Rfe1 Qc6 
24.Rc2 a4 25.Qg3 Ne4 26.Qe3 Bc8 27.Rec1 Bb7 28.Be2 
Nc3 29.Bf3 Qd7 30.Bxb7 Qxb7 31.Qg3 Ne4 32.Qf3 axb3 
33.axb3 Qe7 34.R2c7 Qd8 {(offering draw)}  35.Rb7 
Rc8 36.Rd1 Qa5 37.h4 Rc3 38.Rd3 Rxd3 39.Qh5 Rg3 
40.Bh6 Rh3+ 41.gxh3 Ng3+ 42.Kg2 Nxh5 43.Bg5 Qd5+ 
{???}  0-1

[Event "HCL-E1526"]
[Site "www.playchess.de"]
[Date "2006.01.06"]
[Round "15"]
[White "BohdanL"]
[Black "Matu"]
[WhiteElo "1466"]
[BlackElo "1554"]
[PlyCount "90"]
[Result "0-1"]

1.Nf3 {Hi, Merry Christmas and best wishes for New 
Year}  g6 {Thanks and the same wishes to you}  
2.c4 Bg7 3.g3 c6 4.Bg2 d5 5.cxd5 cxd5 6.d4 Bf5 
7.Nc3 e6 8.O-O Nd7 9.Qb3 Qb6 10.Qxb6 Nxb6 11.Nb5 
Kd7 12.Bf4 Bf8 13.Ne5+ Ke7 14.Rac1 Nf6 15.Rc7+ 
Nfd7 16.Rxb7 f6 17.Nxd7 Nxd7 18.Nxa7 g5 19.Nc6+ 
Ke8 20.Bd2 Rxa2 21.Bc3 Bd6 22.e3 Ra6 23.Na5 Ke7 
24.b4 Rb8 25.Rxb8 Nxb8 26.Ra1 Rb6 27.Rc1 Bxb4 
28.Bxb4+ Rxb4 29.Rc8 Rb1+ 30.Bf1 Bd3 31.Rxb8 Rxf1+ 
32.Kg2 Ra1 33.Nc6+ Kd7 34.Nb4 Be4+ 35.f3 Bg6 
36.Rb7+ Kd6 37.Rb6+ Ke7 38.Nc6+ Kd7 39.Nb4 Rb1 
40.e4 dxe4 41.fxe4 Bxe4+ 42.Kf2 g4 43.Ke3 Bf5 
44.Kf4 Rb3 45.d5 Rf3+ 0-1

[Event "HCL-B3821"]
[Site "www.playchess.de"]
[Date "2006.01.06"]
[Round "2"]
[White "scotty4u"]
[Black "dynamike"]
[WhiteElo "1336"]
[BlackElo "1610"]
[PlyCount "44"]
[Result "0-1"]

1.e4 c5 2.Nf3 e6 3.Bb5 a6 4.Ba4 b5 5.Bb3 c4 6.Bxc4 
bxc4 7.Ne5 Qc7 8.f4 Nf6 9.Qe2 Bb7 10.Nc3 d6 
11.Nxc4 Nc6 12.d3 Be7 13.Be3 O-O 14.O-O-O Rac8 
15.Bb6 Qd7 16.Rhg1 d5 17.Ne5 Qd6 18.g4 Nxe5 
19.fxe5 Qxb6 20.exf6 Bxf6 21.e5 Bg5+ 22.Kb1 
Rxc3 0-1

[Event "HCL-A2516"]
[Site "www.playchess.de"]
[Date "2006.01.06"]
[Round "22"]
[White "HOTSUN"]
[Black "schachsky"]
[WhiteElo "1636"]
[BlackElo "1141"]
[PlyCount "37"]
[Result "1-0"]

1.e4 {hi again}  e5 {Hi again, have a nice game!}  
2.Nf3 {thanks}  Nf6 3.Nc3 c6 4.d3 Bb4 5.Bd2 O-O 
6.Bg5 Bxc3+ 7.bxc3 d6 8.Be2 Nbd7 9.O-O b5 10.d4 
Qc7 11.dxe5 Nxe4 12.exd6 Nxd6 13.Bf4 Rd8 14.Qxd6 
Qb6 15.Qc7 Re8 16.Qxb6 Nxb6 17.Bd3 a6 18.Rfe1 Rd8 
19.Bc7 1-0

[Event "HCL-E1500"]
[Site "www.playchess.de"]
[Date "2006.01.06"]
[Round "12"]
[White "ados99"]
[Black "guitran"]
[WhiteElo "1431"]
[BlackElo "1414"]
[PlyCount "38"]
[Result "0-1"]

1.e4 c5 2.Nf3 d6 3.d4 cxd4 4.Nxd4 e5 5.Nf3 Nf6 
6.Nc3 Nc6 7.Bb5 a6 8.Bxc6+ bxc6 9.Bg5 h6 10.Bh4 
Be7 11.O-O Qc7 12.Qd3 a5 13.Rad1 Ba6 14.Qd2 Bxf1 
15.Kxf1 g5 16.Bg3 Rd8 17.h3 Rg8 18.a3 Qb6 19.Na4 
Qb5+ 0-1

[Event "HCL-B3661"]
[Site "www.playchess.de"]
[Date "2006.01.06"]
[Round "12"]
[White "schachsky"]
[Black "mrchess"]
[WhiteElo "1173"]
[BlackElo "1453"]
[PlyCount "85"]
[Result "1-0"]

1.e4 {Hallo collega! Weer eens in dezelfde poule 
ingedeeld!Een prettige partij toegewenst ...}  c5 
{dank je jij ook}  2.Nc3 Nc6 3.b3 g6 4.d3 Bg7 
5.Bb2 d6 6.Nf3 Nf6 7.Nd5 O-O 8.Be2 Nxd5 9.Bxg7 
Kxg7 10.exd5 Nb4 11.c4 Qa5 12.O-O Bf5 13.Qd2 Qc7 
14.a3 Na6 15.h3 f6 16.Nh4 Bd7 17.f4 Rab8 18.Qe3 
Rbe8 19.f5 g5 20.Nf3 h6 21.Nh2 Qb6 22.Rab1 Qc7 
23.Bh5 Qc8 24.Bxe8 Rxe8 25.g4 Nc7 26.Nf3 b5 27.h4 
Kf7 28.Kg2 a5 29.hxg5 fxg5 30.Rfh1 Rh8 31.Rbe1 Qd8 
32.Re2 Na8 33.Nh2 Nb6 34.Qh3 a4 35.Qh5+ Kf8 36.Qg6 
Qe8 37.Rhe1 Qxg6 38.fxg6 axb3 39.R2xe7 b2 40.g7+ 
Kg8 41.Rf1 Kh7 42.gxh8Q+ Kg6 43.Qg8+ {wauw, dat is 
al weer een tijd terug ....}  1-0

[Event "HCL-E1538"]
[Site "www.playchess.de"]
[Date "2006.01.06"]
[Round "8"]
[White "Loulou"]
[Black "Matu"]
[WhiteElo "1461"]
[BlackElo "1461"]
[PlyCount "49"]
[Result "1-0"]

1.e4 {viel spass}  e5 {danke gleichfalls}  2.Nf3 
Nc6 3.Bc4 Nf6 4.Ng5 d5 5.exd5 Nxd5 6.Nxf7 Kxf7 
7.Qf3+ Ke6 8.Nc3 Ncb4 9.a3 Nxc2+ 10.Kd1 Nxa1 
11.Nxd5 Kd6 12.d4 c6 13.Bf4 cxd5 14.Qxd5+ Kc7 
15.Bxe5+ Bd6 16.Qc5+ Kd7 17.Bxd6 Qb6 18.Bb5+ Ke6 
19.Re1+ Kf6 20.Qe5+ Kg6 21.Bd3+ Kh6 22.Qf4+ g5 
23.Qf6+ Kh5 24.Bg6+ Kg4 25.Re4+ 1-0

[Event "HCL-M823"]
[Site "www.playchess.de"]
[Date "2006.01.06"]
[Round "20"]
[White "luciano59"]
[Black "Goofy"]
[WhiteElo "2238"]
[BlackElo "2046"]
[PlyCount "105"]
[Result "1-0"]

1.e4 {hi and good game}  c5 {hi, same to you! 
;o))}  2.Nf3 d6 3.Bb5+ Bd7 4.Bxd7+ Qxd7 5.c4 Nc6 
6.Nc3 g6 7.d4 cxd4 8.Nxd4 Bg7 9.Be3 Nf6 10.f3 Rc8 
11.b3 O-O 12.Qd2 a6 13.O-O Rfd8 14.Na4 Qe8 15.Nb6 
Rc7 16.Nxc6 Qxc6 17.Rfd1 e6 18.Rac1 Nh5 19.c5 d5 
20.g4 Nf6 21.Bg5 h6 22.Bxh6 Bxh6 23.Qxh6 Qe8 
24.Qf4 Qe7 25.b4 e5 26.Qd2 d4 27.a4 Rc6 28.g5 Nh5 
29.Nd5 Qe6 30.b5 axb5 31.axb5 Rcc8 32.c6 bxc6 
33.Rxc6 Rxc6 34.bxc6 Rc8 35.c7 Kg7 36.Rc1 Qh3 
37.Qg2 Qe6 38.Qg4 Qa6 39.Kh1 Qe2 40.Qxc8 Qxf3+ 
41.Kg1 Nf4 42.Qf8+ Kxf8 43.c8Q+ Kg7 44.Nxf4 Qxf4 
45.Re1 {happy 2006!}  Qxg5+ {...same to you! ;o))} 
 46.Kh1 Qd2 47.Rg1 Qf4 48.Qf5 Qxf5 49.exf5 e4 
50.fxg6 f5 51.h4 d3 52.h5 e3 53.h6+ 1-0

[Event "HCL-B3782"]
[Site "www.playchess.de"]
[Date "2006.01.06"]
[Round "18"]
[White "Herbert_Pjede"]
[Black "PhilipKaveny"]
[WhiteElo "1379"]
[BlackElo "1347"]
[PlyCount "67"]
[Result "1-0"]

1.e4 g6 2.d4 d6 3.Nc3 Bg7 4.Nf3 Nf6 5.Bd3 O-O 
6.Be3 Ng4 7.Bg5 c6 8.h3 Nf6 9.Qd2 b5 10.Bh6 b4 
11.Ne2 Nbd7 12.Bxg7 Kxg7 13.Qxb4 a5 14.Qc3 Bb7 
15.g4 Kg8 16.g5 Nh5 17.Nh2 c5 18.Ng4 cxd4 19.Qxd4 
e5 20.Qxd6 Nf4 21.Qxd7 Nxd3+ 22.cxd3 Qxd7 23.Nf6+ 
Kh8 24.Nxd7 Rfd8 25.Nxe5 Rdf8 26.Rc1 f5 27.f3 fxe4 
28.fxe4 Rae8 29.Rc5 a4 30.Nc3 a3 31.bxa3 Rf5 
32.exf5 Bxh1 33.f6 Ba8 34.Kf2 1-0

[Event "HCL-B3681"]
[Site "www.playchess.de"]
[Date "2006.01.06"]
[Round "3"]
[White "veselyn_topalovBG"]
[Black "Oreocereus_trollii"]
[WhiteElo "1500"]
[BlackElo "1500"]
[PlyCount "35"]
[Result "1-0"]

1.e4 c6 2.d4 d5 3.exd5 cxd5 4.Nf3 Nf6 5.Bd3 Nc6 
6.O-O Bg4 7.Be3 e6 8.Nbd2 Bd6 9.h3 Bh5 10.Re1 O-O 
11.Bg5 Rc8 12.c3 a6 13.Qc2 Nb4 14.Qb1 Nxd3 15.Qxd3 
Bg6 16.Qe2 Qb6 17.Bxf6 gxf6 18.Nf1 1-0

[Event "HCL-C4065"]
[Site "www.playchess.de"]
[Date "2006.01.06"]
[Round "20"]
[White "nico21"]
[Black "Viking"]
[WhiteElo "1472"]
[BlackElo "601"]
[PlyCount "43"]
[Result "1-0"]

1.d4 Nf6 2.c4 b6 3.Nf3 e6 4.Nc3 Be7 5.e4 c5 6.Bf4 
Bb7 7.Bd3 d6 8.O-O Nbd7 9.Re1 cxd4 10.Nxd4 e5 
11.Nf5 exf4 12.Nxg7+ Kf8 13.Nf5 Ne5 14.b3 f3 
15.gxf3 Nfd7 16.Kh1 Nc5 17.Bc2 Nxf3 18.Qxf3 Bf6 
19.Rad1 Bxc3 20.Qxc3 Rg8 21.Reg1 Rg5 
22.Qh8+ 1-0

[Event "HCL-B3803"]
[Site "www.playchess.de"]
[Date "2006.01.06"]
[Round "10"]
[White "Chas"]
[Black "longbow37"]
[WhiteElo "1456"]
[BlackElo "1050"]
[PlyCount "79"]
[Result "1-0"]

1.e4 e5 2.Nf3 d5 3.exd5 Qxd5 4.Nc3 Qe6 5.Be2 Nf6 
6.O-O e4 7.Ng5 Qe5 8.Ngxe4 Nxe4 9.Nxe4 Qxe4 
10.Bb5+ Kd8 11.Re1 Qxe1+ 12.Qxe1 c6 13.Bc4 f6 
14.d4 b5 15.Bb3 Bd6 16.Bd2 Na6 17.Ba5+ Nc7 18.Qc3 
Bb7 19.Re1 Kc8 20.Qh3+ Kd8 21.Re6 Bf8 22.Qh5 g6 
23.Qe2 Bg7 24.Bxc7+ Kxc7 25.Re7+ Kb6 26.Rxg7 Rae8 
27.Re7 Red8 28.c3 a5 29.Bf7 Ka7 30.Re8 Rc8 31.Qe7 
Rhxe8 32.Bxe8 Kb6 33.Bd7 Ra8 34.Qxf6 Kc7 35.Be6 
Kb6 36.d5 Re8 37.h3 Ba8 38.d6 Kc5 39.d7 Rxe6 {move 
your Qf6tod4 checkmate gameover}  40.Qd4+ {Thanks 
for that, all the best to you . Chas.} 
 1-0

[Event "HCL-C4057"]
[Site "www.playchess.de"]
[Date "2006.01.07"]
[Round "1"]
[White "Farquhart"]
[Black "nico21"]
[WhiteElo "550"]
[BlackElo "1430"]
[PlyCount "58"]
[Result "0-1"]

1.e4 e5 2.Nf3 Nc6 3.Bc4 Nf6 4.Nc3 h6 5.Na4 Nxe4 
6.d3 Nf6 7.h4 d5 8.Bb3 Bb4+ 9.c3 Bd6 10.g3 b5 
11.c4 bxa4 12.Bxa4 Bd7 13.Be3 O-O 14.b3 d4 15.Bd2 
Re8 16.Rb1 Nb4 17.Bxb4 Bxb4+ 18.Nd2 Bxa4 19.bxa4 
c5 20.Qf3 e4 21.dxe4 Nxe4 22.Rxb4 Ng5+ 23.Qe2 
Rxe2+ 24.Kxe2 cxb4 25.Rb1 Qe7+ 26.Kf1 Ne4 27.Ke1 
Nc3+ 28.Kf1 Nxb1 29.Nxb1 Re8 0-1

[Event "HCL-C3991"]
[Site "www.playchess.de"]
[Date "2006.01.07"]
[Round "5"]
[White "Roger_K"]
[Black "GhostDog"]
[WhiteElo "1132"]
[BlackElo "1060"]
[PlyCount "58"]
[Result "0-1"]

1.e4 e5 2.Nf3 Nc6 3.Bc4 Nf6 4.Nc3 Bb4 5.O-O Na5 
6.Nxe5 Bxc3 7.Nxf7 Qe7 8.Nxh8 Bxb2 9.Bxb2 Nxc4 
10.Bxf6 gxf6 11.Qh5+ Kf8 12.d3 Na3 13.c4 d6 14.f4 
Qg7 15.Qa5 Nc2 16.Rac1 Ne3 17.Rf2 Bh3 18.g3 Kg8 
19.Rf3 Ng2 20.Kf2 Kxh8 21.Qh5 Bg4 22.Qxg4 Qxg4 
23.Kxg2 f5 24.h3 Qg6 25.Rb1 b6 26.Rb5 fxe4 27.dxe4 
Qxe4 28.Rg5 h6 29.Rh5 Qe2+ 0-1

[Event "HCL-B3732"]
[Site "www.playchess.de"]
[Date "2006.01.07"]
[Round "9"]
[White "cocohubert"]
[Black "blue"]
[WhiteElo "1365"]
[BlackElo "1201"]
[PlyCount "69"]
[Result "0-1"]

1.d4 d5 2.c4 e6 3.e3 Bb4+ 4.Bd2 Bxd2+ 5.Nxd2 Nf6 
6.Ngf3 c6 7.b3 b6 8.Bd3 O-O 9.Ne5 Qc7 10.Ng4 Nbd7 
11.Nxf6+ Nxf6 12.O-O a5 13.a4 Ba6 14.Rc1 h6 15.Qe2 
Qb7 16.h3 Rfe8 17.Nf3 dxc4 18.Bxc4 b5 19.axb5 Bxb5 
20.Bxb5 Qxb5 21.Qc4 Qxc4 22.bxc4 a4 23.c5 a3 
24.Rca1 a2 25.Ne5 Ra6 26.Nd3 Ra4 27.Rfc1 Ne4 
28.Ne5 Nd2 29.Rc3 Rb8 30.Kh2 Rb1 31.Rc1 Ra6 32.Nf3 
Rxa1 33.Rxa1 Nb3 34.Rd1 a1Q 35.Rxa1 0-1

[Event "HCL-B3755"]
[Site "www.playchess.de"]
[Date "2006.01.07"]
[Round "7"]
[White "Berniemac"]
[Black "vulcan"]
[WhiteElo "1200"]
[BlackElo "1206"]
[PlyCount "46"]
[Result "0-1"]

1.g3 e6 2.Bg2 d5 3.b3 c5 4.Bb2 Nf6 5.Nc3 Nc6 6.e3 
Be7 7.Nf3 O-O 8.O-O e5 9.h4 Ng4 10.Nh2 Nxh2 
11.Kxh2 Bxh4 12.gxh4 Qxh4+ 13.Kg1 d4 14.Nd5 f5 
15.Nc7 Rb8 16.exd4 cxd4 17.Bd5+ Kh8 18.Qe2 f4 
19.Bxc6 bxc6 20.Qxe5 Bh3 21.Bxd4 Rfg8 22.Bxa7 Qg4+ 
23.Kh1 Qg2+ 0-1

[Event "HCL-A2407"]
[Site "www.playchess.de"]
[Date "2006.01.07"]
[Round "36"]
[White "G501"]
[Black "alvimrf"]
[WhiteElo "1441"]
[BlackElo "1747"]
[PlyCount "80"]
[Result "0-1"]

1.Nf3 {Greetings, have a nice game.}  d5 {You 
too!}  2.d4 Bg4 3.Ne5 Nf6 4.Nc3 Bf5 5.e3 Nbd7 
6.Bd3 Bxd3 7.Qxd3 c6 8.Nxd7 Qxd7 9.e4 Qg4 10.O-O 
dxe4 11.Qe3 O-O-O 12.Bd2 Qh4 13.h3 e6 14.Be1 Qh6 
15.Rd1 Qxe3 16.fxe3 Bb4 17.a3 Bxc3 18.Bxc3 h5 
19.Be1 Rd7 20.Bh4 Nd5 21.Kf2 f6 22.Ke2 g5 23.Bf2 
h4 24.c4 Ne7 25.b4 Nf5 26.a4 Kc7 27.c5 Rg8 28.Rfh1 
Rd5 29.Rhg1 Rgd8 30.g4 hxg3 31.Bxg3+ Kd7 32.Bf2 
Rh8 33.Rgh1 b6 34.cxb6 axb6 35.Rdb1 Kd6 36.Rbc1 
Ra8 37.h4 Rxa4 38.h5 Ra2+ 39.Kf1 g4 40.Kg1 
g3 0-1

[Event "HCL-M870"]
[Site "www.playchess.de"]
[Date "2006.01.07"]
[Round "8"]
[White "chess50"]
[Black "Werner"]
[WhiteElo "2458"]
[BlackElo "2156"]
[PlyCount "77"]
[Result "1-0"]

1.e4 Nf6 {Hi! Good luck!!!}  2.e5 Nd5 3.Nc3 Nxc3 
4.dxc3 d6 5.Nf3 dxe5 6.Qxd8+ Kxd8 7.Nxe5 Be6 8.Bf4 
Kc8 9.O-O-O g5 10.Be3 Bg7 11.Nf3 h6 12.Kb1 Rd8 
13.Rxd8+ Kxd8 14.Nd4 Bd7 15.h4 g4 16.Bd3 h5 17.Rd1 
a5 18.Nf5 Be5 19.Be4 c6 20.Bg5 f6 21.Be3 Na6 
22.Ng7 Kc7 23.Nxh5 Rh8 24.Nf4 Bd6 25.g3 e5 26.Ng6 
Rh5 27.Bb6+ Kxb6 28.Rxd6 Nc5 29.Bd3 Kc7 30.Rxf6 
Rh6 31.Kc1 Nxd3+ 32.cxd3 Be8 33.h5 Rxh5 34.Nh4 b5 
35.Kd2 Kd8 36.Ke3 Ke7 37.Rf5 Ke6 38.Rf8 Ke7 
39.Rg8 1-0

[Event "HCL-C4043"]
[Site "www.playchess.de"]
[Date "2006.01.07"]
[Round "6"]
[White "IRONMAIDEN"]
[Black "Grunert"]
[WhiteElo "1442"]
[BlackElo "907"]
[PlyCount "25"]
[Result "1-0"]

1.e4 {grüß Dich!}  e5 {Auch Grüße!}  2.Nf3 d6 
3.Bc4 h6 4.O-O Nf6 5.d3 a6 6.c3 b5 7.Bb3 Bb7 8.d4 
exd4 9.Qxd4 Nc6 10.Qd3 g6 11.Be3 Bg7 12.Nbd2 O-O 
13.Rae1 1-0

[Event "HCL-M859"]
[Site "www.playchess.de"]
[Date "2006.01.07"]
[Round "4"]
[White "dorge"]
[Black "chessnuts"]
[WhiteElo "1979"]
[BlackElo "1951"]
[PlyCount "60"]
[Result "1/2-1/2"]

1.d4 {Hello and good luck}  Nf6 2.Bg5 e6 {Hi.. 
hope I can give a good fight and some fun}  3.Nf3 
{don't mind the fun but being a pacifist I'm not 
into the fighting .... and I'll thump anybody who 
argues otherwise :))}  h6 {fight: strife to attain 
an object in spite of difficulties. Anything wrong 
with it my dear pacifist?}  4.Bh4 {ok I'll let you 
of with that but if you start fighting I'll not 
talk and go sulk in the corner ;)}  c5 {That's 
fine with me. If you are too disgusted you can 
even resign that I will not be offended.}  5.e3 
{Resign .... go wash you're mouth out with soap 
.... using such language on a family site ;) :))}  
Be7 {Sorry with my language, I'm not very fluent 
in english. Draw is another bad word?}  6.dxc5 {no 
it is me that should  be sorry ... bad habit in 
the English speaking world ... we assume everybody 
does speak perfect English ... and yes draw is 
another bad word :))}  Bxc5 {Considering how many 
bad words are in this site I guess "Java" is the 
worst, at least it sounds as if it were.}  7.a3 
{ahora porqué consigo la impresión que usted esté 
tirando de mi pierna aquí:))}  d5 {Pull your 
leg?...i woud not dare!! By the way what means :)) 
that everybody uses?}  8.c4 {ah good so my Spanish 
passed the test then :)) { :)) is laughing the 
same as lol }}  O-O 9.Nc3 Nc6 10.cxd5 exd5 11.Bxf6 
Qxf6 12.Qxd5 Qe7 13.Qh5 Be6 14.Bb5 Rad8 15.Rc1 a6 
16.Bxc6 bxc6 17.b4 Ba7 18.Ne5 Rdc8 19.O-O c5 
20.Ne4 c4 {{{:}  21.Rfd1 {no sweat:)}  Rfd8 
22.Rxd8+ Qxd8 23.Rd1 Qe7 24.Nd6 Rc7 25.Qe2 c3 
26.Qc2 Bb3 27.Qxb3 Qxe5 28.Nc4 Qe4 {Have a good 
2006}  29.Nd6 {and you to}  Qe5 30.Nc4 Qe4 
{(offering draw) After all I think "Draw" is not 
such a bad word}  1/2-1/2

[Event "HCL-E1502"]
[Site "www.playchess.de"]
[Date "2006.01.07"]
[Round "34"]
[White "hal1958"]
[Black "pkchess"]
[WhiteElo "1500"]
[BlackElo "1660"]
[PlyCount "84"]
[Result "0-1"]

1.b4 d5 2.Bb2 Bf5 3.e3 e6 4.Nf3 Nf6 5.a3 Be7 6.c4 
O-O 7.cxd5 exd5 8.Be2 Nbd7 9.O-O Re8 10.Bxf6 Bxf6 
11.d4 c5 12.bxc5 Nxc5 13.Ra2 Ne6 14.Nc3 Rc8 15.Qd2 
Re7 16.h3 a6 17.Raa1 Qa5 18.Rfc1 Rec7 19.Qb2 R7xc3 
20.Rxc3 Qxc3 21.Qxc3 Rxc3 22.Kf1 Bd3 23.Bxd3 Rxd3 
24.Ke2 Rc3 25.Kd2 Rc6 26.Rb1 b5 27.Rb3 Kf8 28.Ne1 
Ke7 29.Nd3 Kd6 30.Nb4 Rb6 31.Rc3 a5 32.Nd3 g6 
33.f4 Rc6 34.Rb3 Rb6 35.g3 h5 36.Nf2 Nc7 37.Kd3 
Be7 38.e4 dxe4+ 39.Nxe4+ Ke6 40.Nc3 b4 41.axb4 
Rxb4 42.Rxb4 Bxb4 0-1

[Event "HCL-B3671"]
[Site "www.playchess.de"]
[Date "2006.01.07"]
[Round "10"]
[White "chessH"]
[Black "schachsky"]
[WhiteElo "1238"]
[BlackElo "1173"]
[PlyCount "84"]
[Result "0-1"]

1.e4 e5 {Hello,have a nice game!}  2.Nf3 {thx, you 
too}  d6 3.d4 Nf6 4.dxe5 dxe5 5.Bc4 Qxd1+ 6.Kxd1 
Bg4 7.Nc3 Bc5 8.Bg5 Nbd7 9.Re1 Bxf2 10.Re2 Bxf3 
11.gxf3 Bc5 12.Nd5 Nxd5 13.Bxd5 O-O 14.Bxb7 Rab8 
15.Bc6 h6 16.Bxd7 hxg5 17.h3 Rfd8 18.Rd2 Be3 
19.Rd3 Bd4 20.Ba4 Bxb2 21.Rb1 Bd4 22.Rxb8 Rxb8 
23.Bb3 c5 24.Ke2 Bb2 25.Rd5 Rc8 26.Rd7 c4 27.Ba4 
Bd4 28.Bb5 f6 29.a4 Kh7 30.a5 Rc5 31.Rb7 a6 
32.Bxa6 Rxa5 33.Bxc4 Rc5 34.Bb3 Kh6 35.Kf1 g6 
36.Bg8 g4 37.hxg4 Kg5 38.Bb3 Kf4 {Best wishes for 
2006!}  39.Ke2 {thx!}  Rc3 40.Rf7 Re3+ 41.Kd2 Bc3+ 
42.Kd1 Re1+ 0-1

[Event "HCL-C3952"]
[Site "www.playchess.de"]
[Date "2006.01.07"]
[Round "35"]
[White "Xav"]
[Black "foxcar"]
[WhiteElo "1173"]
[BlackElo "1096"]
[PlyCount "34"]
[Result "0-1"]

1.d4 {Hello! Good game!}  d5 {hi and you also}  
2.c4 e6 3.e3 Bb4+ 4.Bd2 a5 5.Nc3 c6 6.c5 b6 7.a3 
Bxc3 8.Bxc3 b5 9.b4 a4 10.Nf3 Nf6 11.Bd3 Ne4 
12.Bxe4 dxe4 13.Ne5 f6 14.Qh5+ g6 15.Nxg6 hxg6 
16.Qxh8+ Kd7 17.Qg7+ Qe7 0-1

[Event "HCL-B3744"]
[Site "www.playchess.de"]
[Date "2006.01.07"]
[Round "5"]
[White "lcarvalho"]
[Black "Mauro_Rezende"]
[WhiteElo "1600"]
[BlackElo "1500"]
[PlyCount "20"]
[Result "0-1"]

1.e4 e5 2.Nf3 c6 3.Nxe5 Qf6 4.Ng4 Qg6 5.Nc3 d5 
6.exd5 Bxg4 7.f3 Bf5 8.Bd3 Na6 9.Bxf5 Qxf5 10.g4 
Qe5+ 0-1

[Event "HCL-E1538"]
[Site "www.playchess.de"]
[Date "2006.01.07"]
[Round "4"]
[White "redstar"]
[Black "puddschini"]
[WhiteElo "1790"]
[BlackElo "2031"]
[PlyCount "20"]
[Result "0-1"]

1.e4 e6 {enjoy the game}  2.d4 c5 3.dxc5 Bxc5 
4.Qg4 Nf6 5.Qxg7 Rg8 6.Qh6 Bxf2+ 7.Ke2 d6 8.Nc3 
Nbd7 9.h3 Qb6 10.Qf4 Bxg1 0-1

[Event "HCL-B3791"]
[Site "www.playchess.de"]
[Date "2006.01.07"]
[Round "8"]
[White "maus"]
[Black "handrej68"]
[WhiteElo "1257"]
[BlackElo "1437"]
[PlyCount "23"]
[Result "1-0"]

1.e4 c6 2.Nf3 d5 3.e5 Bf5 4.d4 e6 5.Bd3 Bg6 6.O-O 
Nd7 7.Nc3 f6 8.exf6 Ngxf6 9.Ng5 e5 10.Re1 Bd6 
11.Bf4 Qb8 12.dxe5 1-0

[Event "HCL-M846"]
[Site "www.playchess.de"]
[Date "2006.01.07"]
[Round "5"]
[White "AraujoHS"]
[Black "Paul_D"]
[WhiteElo "1953"]
[BlackElo "1536"]
[PlyCount "28"]
[Result "0-1"]

1.c4 {Hi! Wish yo good games :)}  e5 {Hello and 
good game to you, too!}  2.g3 Bc5 3.Bg2 Nf6 4.Nc3 
Ng4 5.e3 Nf6 6.Nge2 Nc6 7.O-O d6 8.Na4 Bb6 9.Nxb6 
axb6 10.d4 O-O 11.h3 exd4 12.exd4 h6 13.Kh2 Qd7 
14.d5 Ne7 0-1

[Event "HCL-B3697"]
[Site "www.playchess.de"]
[Date "2006.01.07"]
[Round "10"]
[White "mrchess"]
[Black "Regicide"]
[WhiteElo "1411"]
[BlackElo "921"]
[PlyCount "69"]
[Result "1-0"]

1.d4 {good luck}  d5 {Thanks; with you I've always 
needed more than was available!  Enjoy the game}  
2.e3 Nh6 3.Bd3 Ng4 4.Nd2 e6 5.Qxg4 e5 6.Qd1 e4 
7.Be2 Be7 8.c3 c6 9.Qb3 Be6 10.Qxb7 Nd7 11.Qxc6 
O-O 12.Qa4 a5 13.Qd1 a4 14.f3 Bf5 15.h3 a3 16.b4 
Bg5 17.Nb3 Nb6 18.Na5 Qc7 19.fxe4 Bxe4 20.Kd2 Na4 
21.Qxa4 Bxg2 22.Nf3 Bxh1 23.Nxg5 Rfe8 24.Qc2 g6 
25.Bxa3 f5 26.Rxh1 Qe7 27.Nf3 Qxe3+ 28.Kd1 Rac8 
29.Bb2 Qf2 30.Ne5 Qg2 31.Bf3 Qg3 32.Bxd5+ Kg7 
33.Qg2 Qxg2 34.Bxg2 h5 35.Rg1 1-0

[Event "HCL-B3723"]
[Site "www.playchess.de"]
[Date "2006.01.07"]
[Round "12"]
[White "gonz_human"]
[Black "ama49"]
[WhiteElo "1342"]
[BlackElo "1187"]
[PlyCount "30"]
[Result "0-1"]

1.d4 {Hello ; )}  Nf6 2.c4 d5 3.cxd5 Nxd5 4.e4 Nb6 
5.Nf3 Bg4 6.Be2 Nc6 7.Be3 e6 8.O-O Be7 9.Nc3 O-O 
10.d5 exd5 11.Nxd5 Nxd5 12.Qxd5 Qxd5 13.exd5 Nb4 
14.Bc4 Bxf3 15.gxf3 a6 0-1

[Event "HCL-B3723"]
[Site "www.playchess.de"]
[Date "2006.01.07"]
[Round "11"]
[White "ama49"]
[Black "gonz_human"]
[WhiteElo "1187"]
[BlackElo "1342"]
[PlyCount "31"]
[Result "1-0"]

1.e4 {Hello again.}  e6 2.d4 d5 3.exd5 exd5 4.Nf3 
Bd6 5.Nc3 c6 6.Qe2+ Qe7 7.Bg5 f6 8.Bh4 Bg4 9.O-O-O 
Qxe2 10.Bxe2 Ne7 11.h3 Bf5 12.Bg3 Bxg3 13.fxg3 Kf7 
14.Bd3 Bxd3 15.Rxd3 Nd7 16.Re1 1-0

[Event "HCL-B3688"]
[Site "www.playchess.de"]
[Date "2006.01.07"]
[Round "27"]
[White "kir1983"]
[Black "Grand73Am"]
[WhiteElo "1111"]
[BlackElo "1480"]
[PlyCount "68"]
[Result "0-1"]

1.e4 c5 2.Bc4 Nc6 3.Nf3 d6 4.Nc3 e6 5.d3 Nf6 6.Bg5 
Be7 7.a3 a6 8.O-O Ng4 9.Qd2 Nce5 10.Bxe7 Qxe7 
11.Nxe5 Nxe5 12.Ba2 Ng4 13.f3 Nf6 14.Rae1 O-O 
15.f4 b5 16.f5 Qc7 17.Re3 d5 18.Rg3 Qe7 19.Qh6 g6 
20.fxg6 fxg6 21.exd5 Ra7 22.Ne4 Nxe4 23.Rxf8+ Qxf8 
24.Qxf8+ Kxf8 25.Re3 Ng5 26.h4 Nf7 27.dxe6 Re7 
28.b4 Nd8 29.bxc5 Nxe6 30.Bxe6 Rxe6 31.Rf3+ Kg7 
32.d4 Bb7 33.Rd3 Bd5 34.g4 Re4 0-1

[Event "HCL-A2476"]
[Site "www.playchess.de"]
[Date "2006.01.07"]
[Round "3"]
[White "Sonea"]
[Black "nafets_bln"]
[WhiteElo "1443"]
[BlackElo "1370"]
[PlyCount "75"]
[Result "1-0"]

1.d3 {Wieder Grussen aus Imardin, Kyralia :-)}  e5 
{...und aus berlin zurück! wie geht es dir?}  
2.Nd2 {Gut, danke. Und du?}  Bb4 {mir geht es 
soweit gut. naja, habe mich beim sport verletzt 
aber sonst geht es mir gut}  3.c3 {Nicht zu 
schlimm, hoffe ich.}  Be7 {habe mir im rechten fuß 
die bänder gerissen. hört sich schlimmer an, als 
es ist. das ärgerliche ist, es ist mir im ersten 
spiel nach einem kreuzbandriß passiert. soll in 6 
wochen aber wieder in ordnung sein. betreibst du 
sport?}  4.Ngf3 {Nein. Ich weiss, ist nicht gut, 
aber habe schon zu wenig Zeit.}  Nc6 {...ist auch 
nicht immer gesnd... :-)}  5.Qc2 d5 6.e4 
{"Gesnd"?}  Nf6 {da habe ich wohl ein u 
vergessen.}  7.Be2 {Nah ja, "u" genug in das 
Worterbuch...}  Bc5 8.O-O Ng4 {dir ein schönes 
wochenende!}  9.h3 {Danke}  Ne3 10.fxe3 Bxe3+ 
11.Kh1 Qf6 12.Nb3 Bb6 13.Ng5 Qg6 14.exd5 Na5 
15.Nxa5 Bc5 16.Nb3 Be7 17.Ne4 b6 18.Be3 Bb7 19.c4 
b5 20.Bf3 bxc4 21.dxc4 c6 22.dxc6 Bxc6 23.Nbd2 O-O 
24.Qd1 Rad8 25.Qe2 f5 26.Nc3 f4 27.Bxa7 Bd6 
28.Bxc6 Rf7 29.Bd5 Rdd7 30.Bxf7+ Kxf7 31.Bf2 Bb4 
32.Nde4 Ba5 33.Rad1 Rc7 34.b3 Rc6 35.Rd7+ Ke6 
36.Rfd1 Bb4 37.Qd3 h6 38.Nc5+ 1-0